[Event "CZE-ch U10"]
[Site "Teplice"]
[Date "2023.11.17"]
[Round "5"]
[White "Kovac, Vit"]
[Black "Dlouhy, Martin"]
[Result "0-1"]
[WhiteElo "1000"]
[BlackElo "1000"]
[PlyCount "42"]
[EventDate "2023.11.15"]
[EventType "swiss"]
[EventRounds "9"]
[EventCountry "CZE"]
[SourceTitle "CB47_2023"]
[SourceDate "2023.11.22"]
[SourceVersion "1"]
[SourceVersionDate "2023.11.22"]
[SourceQuality "1"]

1. e4 c5 2. Nc3 e6 3. f4 d6 4. Nf3 Nc6 5. Bb5 Bd7 6. Bxc6 Bxc6 7. d3 Nf6 8. h3 Be7 9. Be3 a6 10. Ne2 0-0 11. e5 dxe5 12. fxe5 Bxf3 13. gxf3 Nd7 14. f4 Bh4+ 15. Kf1 Qe7 16. Ng1 f6 17. exf6 Qxf6 18. c3 e5 19. Bd2 exf4 20. Qg4 Ne5 21. Qh5 Rae8 0-1

[Event "CZE-ch U10"]
[Site "Teplice"]
[Date "2023.11.16"]
[Round "3"]
[White "Kovac, Vit"]
[Black "Hurt, Marek"]
[Result "1-0"]
[WhiteElo "1000"]
[BlackElo "1067"]
[PlyCount "89"]
[EventDate "2023.11.15"]
[EventType "swiss"]
[EventRounds "9"]
[EventCountry "CZE"]
[SourceTitle "CB47_2023"]
[SourceDate "2023.11.22"]
[SourceVersion "1"]
[SourceVersionDate "2023.11.22"]
[SourceQuality "1"]

1. e4 e5 2. Nf3 Nc6 3. d4 d6 4. dxe5 dxe5 5. Qxd8+ Kxd8 6. Be3 Nf6 7. Bg5 Be7 8. Bxf6 Bxf6 9. Nc3 Bg4 10. Be2 Bxf3 11. Bxf3 Nd4 12. Rd1 Ke7 13. Nd5+ Kd6 14. Nxf6 gxf6 15. c3 c5 16. cxd4 cxd4 17. Rc1 Rac8 18. Kd2 Kd7 19. Bg4+ Ke7 20. Rxc8 Rxc8 21. Bxc8 b6 22. Rc1 Kd6 23. b4 h6 24. b5 h5 25. Rc6+ Ke7 26. Rc7+ Kd8 27. Rxa7 Kxc8 28. Rxf7 h4 29. a4 Kb8 30. Rxf6 Kb7 31. g4 Kc7 32. g5 Kd7 33. g6 Ke7 34. g7 Kxf6 35. g8Q Ke7 36. Qg5+ Kd6 37. Qxh4 Kc5 38. Qf6 Kb4 39. h4 Kxa4 40. h5 Kxb5 41. h6 Kc5 42. h7 b5 43. h8Q b4 44. Qc8+ Kb5 45. Qfa6# 1-0